01036 2200217 4500001002100000005001500021035002000036007000300056008004100059020002200100082001200122084001800134100001300152245006900165250001100234260003100245300004700276650001000323520046900333990001600802INLIS00000000000035620221026101019 a0010-1022000098ta221026 0  a978-623-030-703-4 a899.221 a899.221 YAN a0 aYanne TW1 aAku Dengar Nasihat Mama :bBerbakti Kepada Orang Tua /cYanne TW aCet. I aJakarta :bGramedia,c2022 a115 halaman :bilustrasi berwarna ;c25 cm 4aFiksi aBuku Aku Dengar Nasihat Mama kembali hadir dengan 10 cerita anak yang berkesan. Buku best seller tentang bakti kepada orang tua yang mengajarkan anak untuk beriman kepada Al-Qur’an dan Hadis melalui cerita yang menarik. Peran seorang Ibu begitu mulia dalam mendidik karakter anak sejak dini. Nasihat yang diberikan mampu menyentuh hati anak, dan membantunya menyaring tindakan yang benar dan salah. Ayo, jadi anak saleh dan salihah dengan mendengar nasihat Mama! a00000000454